000 00771nam a2200217 i 4500
001 132108
003 ES-MaACL
005 20251116063107.0
007 t|
008 070214q1908 xxk |||| | eng d
080 _a821.134.2-21"15"
100 1 _aRojas, Fernando de,
_dca. 1470-1541
_999042
240 1 3 _aLa Celestina.
_lInglés
245 1 0 _aCelestina :
_bthe tragi-comedy of Calixto and Melibea /
_cFernando de Rojas ; translated from the Spanish by James Mabbe ; edited with introduction by Warner Allen.
260 _aLondon :
_bGeorge Routhledge of Son,
_c[1908?]
300 _aCXII, 346 p. ;
_c21 cm.
700 1 _aMabbe, James (
_d1572-1642)
_974995
700 1 _aAllen, Warner.
_920003
852 4 _aES-MaACL
_jG-12282
999 _c132108
_d132108